Регионална библиотека "Любен Каравелов" - Русе

Ятаган и меч : Ч. 3 (Запис номер 88108)

MARC детайли
000 -Лидер
Контролно поле с фиксирана дължина 01578nam a2200373 c 4500
003 - Код на организацията, давaща контролен номер
Контролно поле BLK
005 - Дата и час на последна редакция
Контролно поле 20250414154744.0
008 - Елементи от данни с фиксирана дължина
fixed length control field 180408b bul|||||r ||||||| ||bul||
010 ## - Наследен системен номер
LC control number KNG00092764000
020 ## - Международен стандартен номер на книга ISBN
Международен стандартен номер на книга ISBN 978-954-25-0132-9
040 ## - Източник на каталожния запис
Идентификатор на билиотеката - собственик на записа BLK
041 ## - Код за език
Код за езика на текст/звукозапис или на отделно заглавие Български
Код за езика КДБФ Български
080 ## - УДК
Текстов определител УДК Българска литература
УДК код - определител по УДК 821.163.2
УДК определител -311.6
УДК - код + определител 821.163.2-311.6
100 1# - Редна дума - Автор
Автор Токораз Исто
Авторска отговорност първи автор
R(LIN) 129866
139 ## - Редно поле
Редна дума Цветкашки, Стоян Любомиров
Авторски знак Цветк - Ц 34
245 10 - Сведения за заглавието
Заглавие Ятаган и меч : Ч. 3
Подзаглавни данни Ист. роман в 5 ч.
Редно поле (дума) Токораз Исто
Том Ч. 3
Заглавие на том Хайдут
257 ## - Страна на издаване
Страна на създаване/издаване България
260 ## - Област на издателските данни
Място на издаване, разпространение и проч. Пловдив
Име на издателя, разпространителя и проч. Оренда
Година на издаване 2009
Печатница ([Пловдив] : Евро Принт)
300 ## - Физическа характеристика
Страници 676 с.
Илюстрации и др. със сх., к.
Размери/Мащаб 24 см
380 ## - Жанр
Жанр Худож. лит.
500 ## - Общи забележки
Забележка Токораз Исто - псевд. на Стоян Любомиров Цветкашки. - Офс. изд. - ISBN на Славчо Николов и сие - Шумен.
653 ## - Ключова дума – ненормативна
Ключова дума исторически романи
700 ## - Други автори (авторска отговорност)
Лично име Цветкашки, Стоян Любомиров
Дати, свързани с автора 1968 -
9 (RLIN) 285269
760 1# - Описание на основната серия
Редна дума на основното описание Токораз Исто
Място на издаване, издател и година Оренда, 2009
Страници - том 676 с. : със сх., к.
Заглавие Ч. 3 Хайдут
852 ## - Местоположение
Форматна сигнатура Цб 318161
Фондова буква Хранилище
856 4# - Електронен адрес и достъп
Електронен формат pdf - файл
Инструкция (цена за достъп) 0.00
Права за достъп disable
856 4# - Електронен адрес и достъп
Електронен формат pdf - файл
Инструкция (цена за достъп) 0.00
Права за достъп disable
999 ## - СИСТЕМНИ КОНТРОЛНИ НОМЕРА
Koha biblionumber 88108
Koha biblioitemnumber 88108
942 ## - АРТИКУЛИ
Вид на библиотечния материал Книги
Скрит в OPAC Не
Koha issues (borrowed), all copies 48
Периодичен библиозапис Да
944 ## - СЪЗДАВАНЕ И РЕДАКЦИЯ на ЗАПИСА
Създаване/Редакция Създаване
Дата на регистрацията/редакция 24.11.2009
Статус, дата на статуса Русанова Ирена
Служител, извършил регистрацията/редакцията 30542
944 ## - СЪЗДАВАНЕ И РЕДАКЦИЯ на ЗАПИСА
Създаване/Редакция Редакция
Дата на регистрацията/редакция 22.07.2016
Статус, дата на статуса ф /
Служител, извършил регистрацията/редакцията Геновева_Генчева
999 ## - СИСТЕМНИ КОНТРОЛНИ НОМЕРА
Koha biblioitemnumber 88108
999 ## - СИСТЕМНИ КОНТРОЛНИ НОМЕРА
Koha biblioitemnumber 88108
999 ## - СИСТЕМНИ КОНТРОЛНИ НОМЕРА
Koha biblioitemnumber 88108
Наличности
Код за отписване Код за изгубен артикул Източник на класификационната схема Код за повреда Коз за рестрикции Код за отдаване Артикулен № Име на библиотеката - собственик Име на библиотеката, в която се намира в момента Статус (Текущо местоположение) Дата на вписване в системата Местоположение - отдел Цена в лева Инвентарен номер Систематично азбучна сигнатура Баркод Номер на екземпляра Цена в евро Служебна бележка Служебен тип на артикула
Изтеглен Не е изгубен Universal Decimal Classification Не е повреден без рестрикции заемане за дома 142682 Регионална библиотека "Любен Каравелов" Русе Регионална библиотека "Любен Каравелов" Русе Заемна - подръчен фонд 2009-11-24 Заемна - подръчен фонд 25.00 120000739916 П 886.7-31/Ц 34 120000739916 1 12.78 Дост: Pk Вид: Ф N: 22436 Дата: 17.11.2009 Дата инв: 15.02.2018 Бележки инв: П2018 Книги
Изтеглен Не е изгубен Universal Decimal Classification Не е повреден без рестрикции заемане за дома 142683 Регионална библиотека "Любен Каравелов" Русе Регионална библиотека "Любен Каравелов" Русе Заемна - подръчен фонд 2016-07-21 Заемна - подръчен фонд 22.50 120000802439 П 886.7-31/Ц 34 120000802439 2 11.50 Дост: Pk Вид: Ф N: 1194 Дата: 21.07.2016 Дата инв: 15.02.2018 Бележки инв: П2018 Книги
  Не е изгубен Universal Decimal Classification Не е повреден без рестрикции заемане за дома 752468 Регионална библиотека "Любен Каравелов" Русе Регионална библиотека "Любен Каравелов" Русе Заемна - подръчен фонд 2019-12-13 Заемна - подръчен фонд 21.00   П 821.163.2-31/Т 65 120000839672   10.74   Книги
  Не е изгубен Universal Decimal Classification Не е повреден без рестрикции заемане за дома 752469 Регионална библиотека "Любен Каравелов" Русе Регионална библиотека "Любен Каравелов" Русе Заемна - подръчен фонд 2019-12-13 Заемна - подръчен фонд 21.00   П 821.163.2-31/Т 65 120000839671   10.74   Книги
  Не е изгубен Universal Decimal Classification Не е повреден без рестрикции заемане за дома 752470 Регионална библиотека "Любен Каравелов" Русе Регионална библиотека "Любен Каравелов" Русе Заемна - подръчен фонд 2019-12-13 Заемна - подръчен фонд 21.00   П 821.163.2-31/Т 65 120000839673   10.74   Книги
  Не е изгубен Universal Decimal Classification Не е повреден само за читалня ползва се в читалня 928987 Регионална библиотека "Любен Каравелов" Русе Регионална библиотека "Любен Каравелов" Русе Хранилище 2023-05-23 Основен фонд - ползва се само за читалня 25.00 120000888186 Цб 318161 120000888186   12.78   Книги
Vip Innovations Ltd, Rousse, Bulgaria 2025